000 00391cam a22001337a 4500
008 180718b2006 xxu||||| |||| 00| 0 eng d
082 _aA81x54 01/30A/A
100 _aCensus of India 2001
245 _aKarnataka: administrative atlas
260 _aDelhi
_bThe Controller of Publications
_c2006
300 _a453+p.
440 _aCensus of India 2001
650 _aKarnataka - Atlases - Census
999 _c488305
_d488305